Sports Quiz

Random Sports or Tennis Quiz

Tennis Grand Slam Winners Quiz Stats

 Plays Quiz Updated Aug 10, 2012

Score 0/5 Timer 02:00
2 Plays Today
% Correct
Steffi Graf
87.8%
Rod Laver
81.2%
Margaret Smith Court
54%
Don Budge
25.8%
Maureen Connolly Brinker
12.2%

You're not logged in!

Compare scores with friends on all Sporcle quizzes.
OR
Log In

Sporcle TV

Today on Sporcle TV


Watch our educational content, quiz creation guides, and fun videos on Sporcle TV.

Show Comments

Extras

Top Quizzes Today


Score Distribution

Your Account Isn't Verified!

In order to create a playlist on Sporcle, you need to verify the email address you used during registration. Go to your Sporcle Settings to finish the process.

Report this User

Report this user for behavior that violates our Community Guidelines.

Details: